[Event "Stay Safe Play From Home 199"]
[Site "T#646564Emanuel Laske"]
[Date "2020.06.04"]
[Round "2"]
[White "Weltszmerc"]
[Black "MarkonY"]
[Result "0-1"]
[WhiteElo "2129"]
[BlackElo "2276"]
[Annotator "TA"]
[PlyCount "88"]
[EventDate "2020.06.04"]
[EventType "swiss (blitz)"]

{[%evp 21,88,13,20,11,6,-10,14,12,14,0,36,47,123,70,68,95,120,120,134,141,162,138,200,186,226,199,199,199,194,207,185,76,76,75,76,72,69,70,84,16,22,-325,-286,-403,-400,-369,-289,-290,-207,-216,-204,-201,-131,-195,8,-369,0,-145,172,281,266,266,29987,29988,29992,29993,29996,29997,29999]} 1. d4 c5 2. d5 Nf6 3. c4 d6 4. Nf3 g6 5. g3 Bg7 6. Bg2 O-O 7. O-O e6 8. Nc3 exd5 9. cxd5 Re8 10. Re1 a6 11. a4 Nbd7 12. h3 {A63: Modern Benoni: Fianchetto Variation: 9...Nbd7.} Rb8 13. a5 b5 14. axb6 $1 {The position is equal.} Nxb6 15. e4 {[#]} Bd7 $146 ({Predecessor:} 15... Nfd7 16. Bf1 Ne5 17. Nh2 Nbc4 18. Ra2 Rb4 19. Qc2 h5 20. Ra4 Nb6 21. Rxb4 cxb4 {0-1 (60) Jaroch,P (2206)-Pinkas,K (2268) Szczyrk 2014}) 16. Bf4 Qc7 (16... Nc4 $14) 17. Qc2 (17. Rxa6 $16 Nh5 18. Bc1) 17... Nc4 18. b3 $36 {[%mdl 2048] Keeping Black busy.} Ne5 19. Nxe5 ({Much worse is} 19. Rxa6 $6 Bc8 $11) 19... dxe5 20. Be3 Bb5 21. Na4 Bxa4 (21... c4 $16 22. bxc4 Qxc4 23. Qxc4 Bxc4) 22. Rxa4 $18 Nd7 23. Rxa6 Qb7 24. Rc6 Qxb3 25. Qxb3 Rxb3 26. Bxc5 (26. Rc7 $18 {is more deadly.} Nb6 27. Rxc5 (27. Bxc5 Bf8 $18)) 26... Nxc5 $16 27. Rxc5 Rb2 28. Bf1 Bf8 29. Rc6 Ra8 30. Re2 (30. Rd1 $16) 30... Rb1 $11 {And now ...Raa1 would win.} 31. d6 $2 {[%mdl 8192]} (31. f3 $11 {and White is okay.}) 31... Raa1 $19 32. d7 (32. Kg2 {was called for.} Rxf1 33. d7 Rg1+ 34. Kf3) 32... Rxf1+ 33. Kg2 Rfd1 34. Rc7 Ra3 35. Rb2 Rad3 36. Rbb7 Kg7 37. g4 (37. d8=R $17 {was necessary.} Rxd8 38. Rxf7+ Kg8 39. Rxh7) 37... Kh6 $2 {[#]} ({Black should try} 37... h6 $19 {aiming for ...g5.} 38. h4 Re1) 38. h4 $2 {[%mdl 8192]} (38. d8=B $1 $11 {[%mdl 512]} Rxd8 39. Rxf7) 38... g5 $2 {[#]} (38... Be7 $19 39. h5 gxh5) 39. h5 {[#]} (39. d8=R $1 $11 {[%mdl 512]} Rxd8 40. Rxf7 gxh4 41. Rf6+ Kg5 42. Rbf7) 39... Be7 $2 {[%mdl 8192] [#]} (39... Kg7 $1 $17 {and life is bright. ...h6 is the strong threat.} 40. d8=B Rxd8 41. Rxf7+ Kg8) 40. d8=Q $1 $18 {[%mdl 512]} Rxd8 41. Rxe7 {[%mdl 64] Double Attack} Rg1+ $2 (41... Rf8 $18 42. Rxe5 Rd6) 42. Kxg1 {White mates.} Rd1+ 43. Kg2 Rg1+ 44. Kxg1 f5 {[%mdl 32768] Accuracy: White = 55%, Black = 33%. . Loss on time!?} 0-1

[Event "Stay Safe Play From Home 199"]
[Site "T#646564Emanuel Laske"]
[Date "2020.06.04"]
[Round "2"]
[White "Castlingarrocco"]
[Black "Tobo Rubirosa"]
[Result "1-0"]
[WhiteElo "1942"]
[BlackElo "1485"]
[Annotator "TA"]
[PlyCount "69"]
[EventDate "2020.06.04"]
[EventType "swiss (blitz)"]

{[%evp 9,69,89,122,48,47,48,74,-3,37,-30,-11,-39,-10,0,552,-690,4,-23,-11,-100,-85,-98,-44,-152,-133,-202,-4,-239,-135,-235,-151,-144,-152,-264,-140,-602,-114,-677,-116,-662,-671,-652,-649,-817,-807,-1223,-1082,-1546,-1529,-1460,-1276,-1187,-1159,-6279,-5706,-6279,-6275,-29994,-218,-244,-177,-177]} 1. Nc3 Nf6 2. e4 g6 3. e5 Ng8 4. f4 d6 5. d4 {[#]} c5 $146 ({Predecessor:} 5... e6 6. Nf3 d5 7. a3 Nc6 8. Bd3 Be7 9. O-O Qd7 10. Bb5 a6 11. Ba4 Nh6 {1-0 (36) Al Khulaifi,G (1646)-Ishaq,A Kuwait 2019}) 6. Nf3 {B02: Alekhine's Defence: Chase Variation and lines with early Nc3.} (6. dxc5 $16 Nc6 7. Nf3) 6... cxd4 $1 $14 7. Qxd4 Nc6 8. Qe3 (8. Qf2 $16) 8... Bg7 9. Bd3 (9. h3 $14) 9... dxe5 10. Nxe5 Nxe5 11. fxe5 Bxe5 $2 {[%mdl 8192]} (11... Qc7 $11 {and Black has nothing to worry.}) 12. O-O $4 {[%mdl 8192] [#]} (12. Qxe5 $18 f6 13. Qg3) 12... Bg7 $2 ({Black should play} 12... Bd4 $1 $19 13. Kh1 Bxe3 14. Bxe3 Nf6) 13. Qf3 (13. Rd1 {seems wilder.} Nf6 14. Bb5+ Bd7 15. Ne4 Bxb5 16. Rxd8+ Rxd8 17. Nf2) 13... Nf6 14. Bg5 (14. Bb5+ $1 $11 {remains equal.} Bd7 15. Qxb7 Qb6+ 16. Qxb6 axb6 17. Be2) 14... O-O $17 15. Rae1 Bd7 (15... Qb6+ $17 16. Kh1 Be6) 16. Bxf6 (16. Qxb7 $15 Be6 17. a4) 16... Bxf6 17. Ne4 (17. Nd5 $17) 17... Bc6 $2 (17... Bxb2 $19 {Hoping for ...Rc8.} 18. Bc4 Bf5) 18. Qh3 $2 (18. Nxf6+ $11 exf6 19. Qxf6) 18... Bg7 (18... Qd4+ $19 19. Kh1 Qxb2) 19. Qg3 (19. Ng5 $17 h5 20. Kh1) 19... Bxe4 20. Bxe4 Bxb2 21. Rb1 (21. Qb3 $17 {was called for.} Bd4+ 22. Kh1) 21... Bg7 (21... Qd4+ $19 22. Qf2 Rac8) 22. Rxb7 $2 {[%mdl 8192]} (22. Kh1 $17) 22... Rb8 $2 (22... Qd4+ $19 23. Kh1 Qxe4 {[%mdl 64] Double Attack}) 23. Rxa7 $2 {[%mdl 8192]} (23. Qxb8 $17 Qxb8 24. Rxb8 Rxb8 25. Bd5) 23... Rb2 $2 (23... Qb6+ $19 {and Black stays clearly on top.} 24. Kh1 Qxa7) 24. Qd3 $2 {[%mdl 8192]} (24. Ra4 $17) 24... Qb6+ $19 25. Kh1 Qxa7 26. h4 Qxa2 27. Qf3 Rb1 28. Rxb1 Qxb1+ 29. Kh2 Be5+ 30. g3 Rd8 {[#] ( -> ...Rd2+)} 31. Kh3 Rd1 32. Qg2 h5 33. g4 Rh1+ $2 (33... Qc1 {mates} 34. Qf3 Rg1 35. g5 Qd2 36. Qxf7+ {[%mdl 64] Remove Defender} Kxf7 37. Bd5+ Qxd5 38. c4 Rh1#) 34. Qxh1 Qxh1+ 35. Bxh1 {[%mdl 32768] Accuracy: White = 11%, Black = 27%. . Loss on time!?} 1-0

[Event "Stay Safe Play From Home 199"]
[Site "T#646564Emanuel Laske"]
[Date "2020.06.04"]
[Round "2"]
[White "KLIND"]
[Black "Rk1966"]
[Result "0-1"]
[WhiteElo "1860"]
[BlackElo "1410"]
[Annotator "NA RC"]
[PlyCount "58"]
[EventDate "2020.06.04"]
[EventType "swiss (blitz)"]

1. e4 {[%emt 0:00:01]} e5 {[%emt 0:00:02]} 2. Nf3 {[%emt 0:00:01]} f6 {[%emt 0:00:02]} 3. Bc4 {[%emt 0:00:01]} d6 {[%emt 0:00:01]} 4. d3 {[%emt 0:00:00]} Bg4 {[%emt 0:00:01]} 5. O-O {[%emt 0:00:01]} Nd7 {[%emt 0:00:02]} 6. h3 {[%emt 0:00:01]} Bh5 {[%emt 0:00:02]} 7. Nc3 {[%emt 0:00:01]} Nb6 {[%emt 0:00:02]} 8. Bb3 {[%emt 0:00:01]} Ne7 {[%emt 0:00:01]} 9. Be3 {[%emt 0:00:01]} Nc6 {[%emt 0:00:01]} 10. Bxb6 {[%emt 0:00:02]} axb6 {[%emt 0:00:01]} 11. Nd5 {[%emt 0:00:01]} Be7 {[%emt 0:00:01]} 12. Re1 {[%emt 0:00:03]} Qd7 {[%emt 0:00:01]} 13. g4 {[%emt 0:00:02]} Bg6 {[%emt 0:00:01]} 14. Nh4 {[%emt 0:00:01]} Bf7 {[%emt 0:00:05]} 15. Nf5 {[%emt 0:00:01]} Bxd5 {[%emt 0:00:02]} 16. exd5 {[%emt 0:00:02]} Nd4 {[%emt 0:00:01]} 17. Nxg7+ {[%emt 0:00:01]} Kf7 {[%emt 0:00:02]} 18. Nf5 {[%emt 0:00:00]} Rag8 {[%emt 0:00:03]} 19. Nxd4 {[%emt 0:00:02]} exd4 {[%emt 0:00:02]} 20. Qf3 {[%emt 0:00:01]} h5 {[%emt 0:00:02]} 21. Re4 {[%emt 0:00:02]} hxg4 {[%emt 0:00:01]} 22. Rf4 {[%emt 0:00:01]} gxf3+ {[%emt 0:00:01]} 23. Kf1 {[%emt 0:00:01]} Qxh3+ {[%emt 0:00:01]} 24. Ke1 {[%emt 0:00:01]} Rg1+ {[%emt 0:00:01]} 25. Kd2 {[%emt 0:00:01]} Rxa1 {[%emt 0:00:01]} 26. Rxd4 {[%emt 0:00:04]} Qh2 {[%emt 0:00:01]} 27. Ke3 {[%emt 0:00:01]} Rf1 {[%emt 0:00:02]} 28. Kxf3 {[%emt 0:00:01]} Qxf2+ {[%emt 0:00:01]} 29. Ke4 {[%emt 0:00:02]} Rh4# {[%emt 0:00:01] (Lag: Av=0.57s, max=2.7s)} 0-1

[Event "Stay Safe Play From Home 199"]
[Site "T#646564Emanuel Laske"]
[Date "2020.06.04"]
[Round "2"]
[White "Trotsky"]
[Black "Lazieri3"]
[Result "0-1"]
[WhiteElo "1580"]
[BlackElo "2024"]
[Annotator "TA"]
[PlyCount "74"]
[EventDate "2020.06.04"]
[EventType "swiss (blitz)"]

{[%evp 9,74,41,56,-20,-9,-54,-47,-55,7,-79,-19,-74,-66,-52,-31,-51,-8,0,48,31,38,0,52,54,109,83,735,96,681,-36,-30,-318,-345,-339,-292,-927,-939,-922,-919,-942,-874,-1071,-1073,-1297,-1281,-1262,-1114,-1140,-1120,-1250,-1288,-1345,-1297,-1302,-1175,-1298,-1153,-1190,-1184,-1327,-1318,-1307,-1259,-2089,-2041,-29985,-11333]} 1. d4 d5 2. e3 c6 3. c4 Nf6 4. Nc3 Bg4 5. f3 Bf5 6. c5 {D10: Slav Defence: 3 cxd5 (without early Nf3) and 3 Nc3.} (6. Qb3 $14) 6... e6 7. Bd3 Bxd3 8. Qxd3 {[#] Black is slightly better.} h6 $146 (8... b6 $1 $15) ({Predecessor:} 8... Qa5 9. Bd2 Na6 10. Nxd5 Qd8 11. Nb4 Nd5 12. Nxa6 bxa6 13. Qxa6 Qc7 14. Ne2 Be7 {1-0 (32) Fajardo Benitez,J-Hernandez Fleitas,A Costa Teguise 2014}) 9. h4 (9. Rb1 $11 {remains equal.}) 9... Nbd7 (9... b6 $17) 10. Nh3 (10. b4 $11 {keeps the balance.}) 10... e5 11. Bd2 Be7 12. O-O-O Qc7 13. Kb1 O-O-O 14. Qc2 Rde8 15. Rc1 exd4 ({Black should play} 15... Nh5 $11) 16. exd4 $14 g6 (16... Nf8 $14) 17. Qa4 {Strongly threatening Bf4.} Kb8 $2 {[%mdl 8192] [#]} (17... Bd8 $16) 18. Rc2 $2 (18. Bf4 $18 {is the precise move to win.}) 18... Nf8 $2 {[%mdl 8192]} (18... g5 $16) 19. Rhc1 $2 (19. Bf4 $18 Bd8 20. Bxc7+ Bxc7 21. Nd1) 19... Ne6 $15 20. Nb5 $2 {[%mdl 8192] Black continues to play with concentration.} (20. Ne2 $11) 20... cxb5 $19 21. Qxb5 Nxd4 22. Ba5 $2 (22. Qa4 Ne6 23. c6) 22... Nxb5 23. Bxc7+ Nxc7 24. Nf4 Ne6 25. Ne2 Bxc5 26. Nc3 Be3 27. Rd1 d4 28. Nb5 a6 29. Na3 Nd5 30. Nc4 Nb4 31. Re2 Nc5 32. Nxe3 dxe3 33. Rd4 Nc6 34. Rc4 Nd3 35. a3 g5 {[#] And now ...Nf4 would win.} 36. Ka2 Nf4 37. g3 Nxe2 {Accuracy: White = 22%, Black = 31%.} 0-1

[Event "Stay Safe Play From Home 199"]
[Site "T#646564Emanuel Laske"]
[Date "2020.06.04"]
[Round "3"]
[White "SoulofWolf"]
[Black "Castlingarrocco"]
[Result "0-1"]
[WhiteElo "2170"]
[BlackElo "1945"]
[Annotator "TA"]
[PlyCount "94"]
[EventDate "2020.06.04"]
[EventType "swiss (blitz)"]

{[%evp 10,94,16,20,21,0,29,20,27,-39,26,29,122,83,102,95,116,118,144,140,174,169,329,245,1242,-325,1156,1093,957,-433,-429,-907,-912,-1149,-1144,-1104,-991,-1611,-1644,-1413,-1216,-29989,-1726,-29979,-12799,-29981,-29974,-5074,-1075,-1027,-996,-905,-892,-1711,-1692,-29996,-3488,-29991,-3145,-29984,-29984,-29985,-29977,-29988,-29969,-29990,-29989,-29989,-29990,-29990,-29991,-29992,-29992,-29992,-29993,-29995,-29996,-29998,-29993,-29993,-29993,-29995,-29996,-29996,-29997,-29997,-29998]} 1. d4 Nc6 2. Nf3 d6 3. d5 Ne5 4. Nxe5 dxe5 5. Nc3 Nf6 6. e4 e6 $1 {[#] A41: 1 d4 d6: Tartakower System and Modern Defence.} 7. Bc4 $146 ({Predecessor:} 7. Bb5+ Bd7 8. dxe6 Bxb5 9. exf7+ Kxf7 10. Nxb5 Qxd1+ 11. Kxd1 Nxe4 12. Rf1 c6 13. f3 Nf6 14. Nc3 {1-0 (57) Niemann,H (2465)-Lagarde,M (2651) chess.com INT 2020}) 7... exd5 8. Nxd5 Be6 {The position is equal.} 9. O-O ({White should try} 9. Bg5 $11 Be7 10. O-O) 9... c6 (9... Nxe4 $15 10. Qh5 Bd6) 10. Nxf6+ $11 gxf6 (10... Qxf6 $11 11. Bxe6 Qxe6) 11. Qe2 Qc7 12. Be3 b6 13. a4 O-O-O 14. c3 Be7 15. b4 c5 $2 (15... f5) 16. a5 cxb4 $2 (16... Bxc4 17. Qxc4 cxb4 18. Qxf7 Bc5 19. Qxf6 Rhf8 20. axb6 Qxb6 21. Qxb6 (21. Qxe5 Bxe3 22. fxe3 Qxe3+ 23. Kh1 Rxf1+ 24. Rxf1 Qxc3 $14) 21... Bxb6) 17. axb6 $4 {[%mdl 8192]} (17. Bxe6+ $18 {is the narrow road to win.} fxe6 18. axb6) 17... axb6 $4 {[%mdl 8192]} (17... Qxc4 $19 18. Qxc4+ Bxc4 19. bxa7 Kb7 20. cxb4 Bxf1 21. Kxf1 Rc8) 18. Ra8+ Kb7 {[#]} 19. Rxd8 $4 {[%mdl 8192]} (19. Bd5+ $1 $18 {[%mdl 512]} Bxd5 20. Qa6+ Kc6 21. exd5+ Rxd5 22. Rxh8) 19... Bxc4 $19 20. Qf3 (20. Qxc4 $142 Qxc4 21. Rxh8) 20... Rxd8 21. Rb1 b3 22. h3 Bc5 23. g3 Bxe3 24. Qxe3 Rd3 25. Qe2 {[#]} Rxc3 (25... Rxg3+ $142 $1 26. fxg3 Bxe2 27. Rb2 Qc5+ 28. Kg2 Bf3+ $1 {[%mdl 576] Decoy} 29. Kxf3 Qxc3+ {[%mdl 64] Double Attack} 30. Kg4 Qxb2 31. Kh5 Qd2 32. h4 b2 33. g4 b1=Q 34. g5 Qxe4 35. gxf6 Qg6#) 26. Qg4 Rc2 (26... Be6 $142 27. Qd1 b2 {[%mdl 64] Deflection} 28. Rxb2 Rc1 $1 {[%mdl 512]} 29. Rb1 Rxd1+ 30. Rxd1 Bxh3 31. Kh2 Qc2 $1 {[%mdl 576] Double Attack} 32. Ra1 Be6 33. Rg1 Qxf2+ 34. Rg2 Qe3 35. g4 Qxe4 36. Rb2 Bd5 37. Kh3 Qh1+ 38. Kg3 Qe1+ 39. Kh2 Qh4+ {[%mdl 64] Double Attack} 40. Kg1 Qg3+ 41. Kf1 Bc4+ 42. Re2 Qh2 {[%mdl 64] Pin} 43. g5 fxg5 44. Ke1 Qxe2#) 27. Qf3 b2 28. Qe3 Rc1+ {[%mdl 64] Promotion} 29. Rxc1 bxc1=Q+ 30. Qxc1 b5 31. Qc3 Qc5 32. Kh2 Kb6 (32... Qxf2+ $142 33. Kh1 Bf1 34. Qc8+ Kxc8 35. h4 Qg2#) 33. Kg2 {[#]} b4 (33... Bf1+ $142 $1 34. Kxf1 Qxc3 35. Kg2 b4 36. g4 b3 37. h4 b2 38. g5 b1=Q 39. h5 Qxe4+ 40. f3 Qcxf3+ {[%mdl 64] Double Attack} 41. Kh2 Qg2#) 34. Qb2 b3 {Black mates.} 35. Qa1 Kb5 36. Qa8 Kb4 37. Qb7+ Kc3 38. Qd7 b2 39. Qd1 Bd3 40. Qe1+ Kb3 41. Qd1+ Qc2 42. Qg4 b1=Q 43. Qc8 Kb2 44. Qb7+ {[#]} Kc1 $1 45. Qd5 Bxe4+ 46. Qxe4 Qxe4+ 47. Kh2 Qbd3 {Accuracy: White = 42%, Black = 29%.} 0-1

[Event "Stay Safe Play From Home 199"]
[Site "T#646564Emanuel Laske"]
[Date "2020.06.04"]
[Round "3"]
[White "Weltszmerc"]
[Black "Mepe_Nika"]
[Result "0-1"]
[WhiteElo "2118"]
[BlackElo "2290"]
[Annotator "TA"]
[PlyCount "72"]
[EventDate "2020.06.04"]
[EventType "swiss (blitz)"]

{[%evp 13,71,24,25,25,17,0,53,59,58,43,32,35,139,132,133,57,83,65,76,32,32,41,22,29,334,116,97,-22,-19,-20,-16,-14,-11,0,0,-125,-70,-70,9,-24,0,-123,-11,-24,0,-43,-41,-1161,-440,-29992,-29993,-29995,-29996,-29996,-29997,-29997,-29998,-29998,-29999,-29999]} 1. d4 c5 2. c4 cxd4 3. Nf3 Nf6 4. Nxd4 g6 5. Nc2 Bg7 6. Nc3 O-O 7. e4 Nc6 8. Be3 {B37: Sicilian: Maroczy Bind with 5...Bg7, sidelines.} d6 9. f3 a5 (9... Be6 $11) 10. Be2 $14 {White is slightly better.} a4 11. O-O Qa5 12. Rb1 {[#]} a3 $146 (12... Be6 $14) ({Predecessor:} 12... Be6 13. Qd2 Nd7 14. Rfd1 Rfc8 15. Na3 Qh5 16. Nd5 Bxd5 17. cxd5 Nd8 18. Bg5 f6 {1-0 (32) Hambleton,A (2479)-Morella Cabrera,J (2248) Montreal 2017}) 13. b4 $36 {[%mdl 2048] White is in control.} Qd8 14. b5 (14. Qd2 $16) 14... Nb8 15. Nb4 Nbd7 16. Ncd5 Nc5 17. b6 Be6 18. Nc7 Qd7 $2 {[%mdl 8192]} (18... Rc8 $11 {and Black is okay.}) 19. Bxc5 $2 ({But not} 19. Nxa8 $6 Rxa8 20. Nd5 Rc8 $18) (19. e5 $18) 19... dxc5 20. Nxe6 (20. Nxa8 $16 Rxa8 21. Nd5) 20... Qxe6 $11 21. Nd5 {Black should prevent Nc7.} Nxd5 22. cxd5 Qd6 23. Qb3 Be5 24. h3 (24. g3 $11 {was the only way to keep the balance.}) 24... f5 (24... Qf6 $17 {Strongly threatening ...Qf4.} 25. f4 Bxf4) 25. exf5 $15 gxf5 ({Better is} 25... Rxf5 $15 26. Kh1 Rf4) 26. Bd3 Kh8 27. Rfe1 {[#]} (27. Kh1 $11) 27... Rg8 (27... Bd4+ $1 $17 28. Kh1 Rad8) 28. Re2 $11 Rg5 29. Rbe1 Rag8 {[%cal Ba8g8,Bg8g4,Bg4h4,Bh4f4][%mdl 32] ...Qh6 is the strong threat.} 30. g4 $2 {[%mdl 8192]} (30. Rxe5 {gets mated.} Rxg2+ 31. Kf1 Rg1+ 32. Ke2 Qxe5+ 33. Be4 R8g2+ 34. Kd1 fxe4 35. Qxa3 Rxe1+ 36. Kxe1 Qa1+ 37. Qc1 Qxc1#) (30. Qc2 $15 Bd4+ 31. Kh1) 30... Bd4+ (30... fxg4 $142 31. Rxe5 Rxe5) 31. Kg2 (31. Kh1 $19 Qg3 {[%mdl 64] Double Attack} 32. Bc4 Qxh3+ 33. Rh2) 31... fxg4 {Black mates.} 32. fxg4 {[#]} Rxg4+ $1 {[%mdl 512]} 33. hxg4 Rxg4+ 34. Kh1 Rh4+ 35. Kg2 Qh2+ 36. Kf3 Rf4# {Quite a comeback for Black. Accuracy: White = 51%, Black = 53%.} 0-1

[Event "Stay Safe Play From Home 199"]
[Site "T#646564Emanuel Laske"]
[Date "2020.06.04"]
[Round "3"]
[White "Lazieri3"]
[Black "Broken sword"]
[Result "0-1"]
[WhiteElo "2027"]
[BlackElo "2418"]
[Annotator "TA"]
[PlyCount "104"]
[EventDate "2020.06.04"]
[EventType "swiss (blitz)"]

{[%evp 9,104,-35,-36,-64,-61,-59,-59,-63,-54,-62,-59,-96,-41,-93,-93,-200,-197,-194,-148,-154,-82,-97,-93,-98,-61,-96,-58,-96,-98,-108,-89,-105,-18,-70,-73,-162,0,0,0,0,0,0,0,0,50,63,59,0,83,87,85,79,75,54,84,89,149,136,136,136,136,139,179,-393,-389,-451,-435,-1273,-555,-555,-533,-898,-854,-29972,-29973,-29968,-12849,-29970,-29973,-29967,-12093,-29968,-29939,-12470,-10718,-12240,-8930,-8248,-8125,-8270,-7709,-9542,-5779,-5569,-5243,-883,-456]} 1. e4 c5 2. Nc3 e6 3. d3 a6 4. Nf3 d5 5. Bg5 {[#]} f6 $146 ({Predecessor:} 5... Be7 6. Bxe7 Nxe7 7. d4 cxd4 8. Qxd4 O-O 9. exd5 exd5 10. Bd3 Nbc6 11. Qh4 Bf5 12. O-O-O Bxd3 13. Rxd3 {0-1 (58) Sana,M (2132)-Sheng,J (2236) Orlando 2014}) 6. Bh4 {B40: Sicilian: 2...e6, Unusual lines.} d4 7. Ne2 Nc6 8. Bg3 {Black is slightly better.} e5 9. Nd2 Be6 10. f4 Bd6 (10... g6 $17 11. fxe5 fxe5) 11. fxe5 (11. f5 $15 Bf7 12. Bf2) 11... fxe5 $17 ({Don't play} 11... Nxe5 $6 12. Nf4 $11) 12. Nf3 (12. Ng1 $17) 12... Nf6 $19 13. h3 h6 14. Bh2 Qd7 (14... Nh5 $142 15. g4 Nf4 16. Nxf4 exf4) 15. Ng3 $17 O-O-O 16. Be2 Kb8 17. Qd2 Rdf8 18. a3 g5 19. O-O-O Ka7 20. Rdf1 g4 (20... b5 $17 21. Kb1 c4) 21. hxg4 (21. Nh4 $11) 21... Nxg4 $15 22. Nh4 (22. Bg1 $17) 22... Ne3 $2 (22... Be7 $19 23. Rxf8 Rxf8) 23. Rxf8 $1 $11 Rxf8 24. Bg1 Rg8 25. Bxe3 dxe3 26. Qxe3 Nd4 {[#] White must now prevent ...Rxg3!} (26... Be7 $5 {[%cal Re7g5]} 27. Kb1 Bxh4 28. Rxh4 Qd4 29. Qxd4 Nxd4 $11) 27. Ngf5 Bxf5 28. Nxf5 (28. exf5 $14 Be7 29. Qe4 (29. Qxe5 $2 Re8 $19)) 28... Nxf5 (28... Rxg2 $11 {remains equal.} 29. Bd1 Nxf5) 29. exf5 $16 Qxf5 30. Bf3 e4 31. dxe4 (31. Qxe4 {is interesting.} Bf4+ 32. Kb1 Qxe4 33. Bxe4 b5 34. Rf1) 31... Qf6 {[#] Strongly threatening ...Bf4.} 32. Kb1 Re8 ({Black should try} 32... Rg5) 33. Qxh6 Qxh6 34. Rxh6 {[%mdl 4096] Endgame KRB-KRB} Be5 35. Rh7 Rd8 36. Rxb7+ $4 {[%mdl 8192]} (36. Re7 $18 {and life is good for White.} Bd6 37. Re6) 36... Kxb7 $19 37. b3 Kc6 38. c4 (38. Kc1 $142) 38... Kb6 (38... Rd3 $142 39. Kc2 Rc3+ 40. Kd2 Rxb3) 39. Kc2 Rf8 40. b4 a5 41. Kb3 axb4 42. axb4 Rd8 43. bxc5+ Kxc5 44. Kc2 Rd4 (44... Kxc4 $142 45. Bh5 Rf8 46. Be2+ Kd4 47. Kb3 Rb8+ 48. Ka3 Bd6+ 49. Ka4 Rb4+ 50. Ka5 Kc5 51. e5 Rb2 52. Bc4 Kxc4 53. exd6 Kc5 54. Ka4 Rxg2 55. Kb3 Rd2 56. d7 Rxd7 57. Kc3 Kb5 58. Kb2 Kc4 59. Kc2 Kb4 60. Kb2 Rc7 61. Ka1 Ka3 62. Kb1 Kb3 63. Ka1 Rc1#) 45. Kc3 Rxe4+ 46. Kd3 Rxc4 {Black is clearly winning.} 47. Ke3 Bd4+ 48. Ke4 Bf2+ 49. Kd3 Bg3 50. Ke3 Rd4 51. Be2 Rf4 52. Bf3 Kd6 {Quite a comeback for Black. Accuracy: White = 42%, Black = 54%.} 0-1

[Event "Stay Safe Play From Home 199"]
[Site "T#646564Emanuel Laske"]
[Date "2020.06.04"]
[Round "3"]
[White "Chesstiger9"]
[Black "MarkonY"]
[Result "0-1"]
[WhiteElo "1969"]
[BlackElo "2286"]
[Annotator "TA"]
[PlyCount "108"]
[EventDate "2020.06.04"]
[EventType "swiss (blitz)"]

{[%evp 9,108,20,28,12,24,10,11,9,19,0,150,14,18,10,28,17,21,35,16,25,37,0,8,0,23,4,100,58,108,44,36,38,35,37,35,38,47,48,53,37,40,0,4,2,6,10,6,0,0,0,0,0,0,0,0,0,0,0,0,0,0,0,6,0,0,0,0,0,0,0,0,0,0,0,0,0,0,0,0,0,0,0,0,0,17,16,30,17,17,16,37,16,37,17,44,16,16,16,16,16,429]} 1. d4 c5 2. e3 Nf6 3. Nf3 g6 4. Bd3 cxd4 5. exd4 Bg7 6. c3 {A48: 1 d4 Nf6 2 Nf3 g6: Torre, London and Colle Systems.} O-O 7. Qe2 d6 8. O-O {[#]} a6 $146 ({Predecessor:} 8... Bg4 9. h3 Bxf3 10. Qxf3 Qc7 11. Bg5 Nbd7 12. Re1 e6 13. Nd2 a6 14. Ne4 Nxe4 15. Bxe4 d5 {½-½ (23) Velenderic,A-Brauner,R (2027) Frankfurt 2000}) 9. Re1 b6 ({Black should play} 9... Nc6 $11) 10. h3 ({White has to play} 10. Qxe7 $16 Qxe7 11. Rxe7) 10... e6 11. Nbd2 Qc7 12. Ne4 Nbd7 13. Bf4 $36 {[%mdl 2048] White has good play.} Nxe4 14. Bxe4 Rb8 15. Qd2 Re8 16. Bh6 Bh8 17. Rad1 e5 (17... Nf6 $11 {remains equal.}) 18. dxe5 Nxe5 19. Nxe5 (19. Ng5 $16 {f4 is the strong threat.} Be6 20. Bd5 (20. Qxd6 Qxd6 21. Rxd6 Bxa2 $14) (20. Nxe6 fxe6 21. Bf4 Rbd8 $16)) 19... dxe5 $14 20. Bd5 Be6 21. Bxe6 Rxe6 22. Qd7 Qxd7 23. Rxd7 Bg7 24. Bxg7 Kxg7 {[%mdl 4096] Endgame KRR-KRR} 25. Ra7 b5 26. Rd1 b4 27. Rdd7 Rf6 28. c4 b3 29. a3 Rc8 30. Rdc7 Rd8 31. Rd7 Rxd7 32. Rxd7 $11 {KR-KR} Rc6 33. Rb7 Rxc4 34. Rxb3 a5 35. Rb5 Rc1+ 36. Kh2 Rc2 37. Kg3 e4 38. Rxa5 Rxb2 39. Ra4 f5 40. f3 e3 41. Ra8 g5 {[#] aiming for ...Rb1.} 42. f4 $1 e2 43. Re8 Kf7 44. Re5 gxf4+ 45. Kxf4 Kg6 46. Kf3 f4 47. Kxf4 Rb3 48. Rxe2 {[#] Hoping for Ra2.} (48. h4 {is interesting.} Rxa3 49. h5+ Kf6 50. Rxe2 Ra4+ 51. Kg3) 48... Rxa3 49. Re3 Ra5 50. Rg3+ Kf7 51. Rc3 Ra4+ 52. Kg3 h5 {The position is equal.} 53. Rf3+ Kg6 54. Rf4 h4+ $2 {[%mdl 40960] Accuracy: White = 81%, Black = 86%. . Loss on time!?} (54... Ra2 $11 {and Black is okay.}) 0-1